000 00321nam a2200121Ia 4500
003 OSt
008 201106b ||||| |||| 00| 0 eng d
100 _aZURADA, jacek M.
245 _aIntroduction to Artificial Neural systems
260 _a N. Delhi
_bJaico Publication House
_c 2006
300 _a683+76.
942 _2ddc
_cBK
999 _c5020
_d5020